Songs on Speak Now (Taylor's Version) - Statistics

General Stats
  • This quiz has been taken 21 times
  • The average score is 20 of 22
Answer Stats
Answer % Correct
Better Than Revenge
100%
Last Kiss
100%
Mine
100%
Sparks Fly
100%
Back To December
93%
Dear John
93%
Enchanted
93%
Haunted
93%
I Can See You
93%
Long Live
93%
Mean
93%
Ours
93%
When Emma Falls in Love
93%
Castles Crumbling (feat. Hayley Williams)
87%
Electric Touch (feat. Fall Out Boy)
87%
Foolish One
87%
Innocent
87%
Speak Now
87%
The Story Of Us
87%
Timeless
87%
Never Grow Up
80%
Superman
67%
No matching quizzes found
Score Distribution
Percent of People with Each Score
Percentile by Number Answered
Your Score History
You have not taken this quiz